Comunicación 1 : Lengua española y literatura 1º BUP

Gespeichert in:
Bibliographische Detailangaben
1. Verfasser: Arribas, Jesús
Weitere Verfasser: Yagüe, Galo
Format: Buch
Sprache:Spanisch
Erschienen: Madrid : Didascalia, 1976
Katalog:MANES:  Suchergebnis im Bibliothekskatalog
Schulbuchspezifische Eigenschaften:
Tags: Tag hinzufügen
Keine Tags, Fügen Sie den ersten Tag hinzu!
Hinzugefügt zu:04.01.1999
Geändert in:07.05.2025

MARC

LEADER 00000cam a2200000 i 4500
005 20250507134430.0
008 990105s1976 espoa fp 000 0 spa d
020 |a 8438900240 
040 |a uned  |b spa  |c entro-manes 
100 1 |a Arribas, Jesús  |9 31370 
245 1 0 |a Comunicación 1 :   |b Lengua española y literatura 1º BUP /   |c Jesús Arribas, Galo Yagüe 
260 |a Madrid :   |b Didascalia,   |c 1976 
300 |a 367 p. :   |b il. 
546 |a España 
561 |5 es-BUNED  |3 L.T.M. 0613  |a España. Fondo Manes UNED  |k MANES 
690 0 |a LEN 
691 0 |a SE 
700 1 |a Yagüe, Galo  |9 31371 
942 |2 ddc  |c BK 
999 |c 94367  |d 94367 
999 |c manes:94367  |d 94367